Biz istersek Türkiye değişir : (Record no. 15314)
[ view plain ]
| 000 -BAŞLIK | |
|---|---|
| Sabit Uzunlukta Kontrol Alanı | 00880nam a22002177a 4500 |
| 999 ## - SİSTEM KONTROL NUMARALARI (KOHA) | |
| Koha Biblionumber | 15314 |
| Koha Biblioitemnumber | 15314 |
| 003 - KONTROL NUMARASI IDENTIFIER | |
| Denetim Alanı | MIRAKIL |
| 005 - SON İŞLEM TARİHİ VE ZAMANI | |
| Denetim Alanı | 20240208102643.0 |
| 008 - SABİT-BOY VERİ ELEMANLARI - GENEL BİLGİLER | |
| Sabit Uzunlukta Kontrol Alanı | 240208b tu ||||| |||| 00| 0 tur d |
| 040 ## - KATALOGLAMA KAYNAK | |
| Orijinal Kataloglama Ajansı | TR-AnCHP |
| Metne Dönüştürmek Ajansı | TR-AnCHP |
| 041 ## - DİL KODU | |
| Metin / Ses Parça Veya Ayrı Başlığın Dil Kodu | Türkçe |
| 082 ## - DEWEY ONLU SINIFLANDIRMA NUMARASI | |
| Sınıflandırma Numarası | 324.2172 |
| Ürün Numarası | K29b 2018 |
| 090 ## - SINIFLAMA NUMARASI | |
| Sınıflama Numarası | 324.2172 K29b 2018 |
| 100 ## - ANA GİRİŞ - KİŞİSEL İSİM | |
| Kişisel Ad | Kaya, Yıldırım |
| Adının Fuller Formu | CHP parti meclis üyesi |
| 245 ## - BAŞLIK TABLOSU | |
| Başlık | Biz istersek Türkiye değişir : |
| Başlığın Kalan | "karanlıktan aydınlığa" 35. dönem parti meclisi faaliyet raporum (18 ocak 2016 - 4 Şubat 2018) / |
| Sorumluluk Tablosu, Vb | Yıldırım Kaya. |
| 246 ## - UNVAN FORM VARYING | |
| Başlık Doğru / Kısa Başlığı | 35. dönem parti meclisi faaliyet raporum (18 ocak 2016 - 4 Şubat 2018) |
| 260 ## - YAYIN, DAĞITIM, VB | |
| Yayın, Dağıtım, Vb Yeri | Ankara |
| Yayıncı, Dağıtıcı, Vs Adı | [yayl.y.] |
| Yayın, Dağıtım, Vb Tarihi | 2018 |
| 300 ## - FİZİKSEL TANIM | |
| Kapsam | 286. s. ; |
| Diğer Fiziksel Ayrıntıları | fotg. , |
| Boyutlar | 21 cm. |
| 651 #0 - KONU KATMA GİRİŞ - COĞRAFİ ADI | |
| 9 (RLIN) | 5416 |
| Coğrafi İsim | Türkiye |
| Genel Alt Bölümü | Siyaset ve yönetim |
| Kronolojik Alt Bölümü | 2016 - 2018 |
| 856 ## - ELEKTRONİK YER VE ERİŞİM | |
| Kamu Notu | Dijital Nüshası için Partimizin Kütüphane Sorumlusu ile iletişime geçiniz. |
| 942 ## - EKLENDİ GİRİŞ ELEMANLARI (KOHA) | |
| Sınıflandırma Veya Raf Düzeni Kaynak | Dewey Decimal Classification |
| Koha Öğesi Türü | Books |
| Kalıcı Konum | Mevcut Konum | Edinme Tarihi | Toplam Check-Out'Lar | Tam Çağrı Numarası | Barkod | Tarih Son Görülme | İtibaren Geçerli Fiyatlar | Koha Öğesi Türü |
|---|---|---|---|---|---|---|---|---|
| CHP Kütüphanesi | CHP Kütüphanesi | 02/08/2024 | CHP 324.2172 K29b 2018 | 20903 | 02/08/2024 | 02/08/2024 | Books | |
| Parti Okulu Kütüphanesi | Parti Okulu Kütüphanesi | 04/22/2024 | CHP 324.2172 K29b 2018 | 21874 | 04/22/2024 | 04/22/2024 | Books |
